00342nam a2200109Ia 4500008004100000020001400041245008500055260002700140300001700167980003300184999001500217151021s9999 xx 000 0 und d a996676707 a_Kenya Intergrated Household Budget Survey 2005/06 Volume 1 Basic Report / UNDP  aNairobi : USAID, 2005  axiv ,329 p.  a^d20110511 01:58:47^okilerai c7249d7249